| 000 | 01427cam a2200361 i 4500 | ||
|---|---|---|---|
| 999 |
_c200443223 _d61435 |
||
| 001 | 247104 | ||
| 003 | TR-AnTOB | ||
| 005 | 20240824073709.0 | ||
| 007 | ta | ||
| 008 | 210824s1971 fr 000 0 eng d | ||
| 010 | _a73882964 | ||
| 015 | _aF*** | ||
| 040 |
_aDLC _beng _erda _cDLC _dEEM _dUtOrBLW _dTR-AnTOB |
||
| 041 | _aeng | ||
| 050 |
_aTE153 _b.O74 1971 |
||
| 090 |
_aTOBBK TE153 _b.O74 1971 |
||
| 110 | 2 |
_aOrganisation for Economic Co-operation and Development _0http://id.loc.gov/authorities/names/n79045354. _933753 |
|
| 245 | 1 | 0 |
_aLighting, visibility, and accidents : _ba report / _cprepared by an OECD Research Group. |
| 264 | 1 |
_a[Paris] : _b[publisher not identified], _c[1971] |
|
| 300 |
_a110 pages ; _c27 cm |
||
| 336 |
_atext _btxt _2rdacontent. |
||
| 337 |
_aunmediated _bn _2rdamedia. |
||
| 338 |
_avolume _bnc _2rdacarrier. |
||
| 490 | 1 | _aRoad research. | |
| 650 | 0 |
_aRoads _xLighting _0http://id.loc.gov/authorities/subjects/sh85114505. _9132565 |
|
| 650 | 0 |
_aAutomobiles _xLighting _0http://id.loc.gov/authorities/subjects/sh85010282. _9132573 |
|
| 650 | 0 |
_aTraffic accidents _0http://id.loc.gov/authorities/subjects/sh85136758. _9113177 |
|
| 650 | 0 |
_aRoads _xVisibility _0http://id.loc.gov/authorities/subjects/sh85114520. _9132574 |
|
| 830 | 0 |
_aRoad research. _0http://id.loc.gov/authorities/names/n42036943. |
|
| 942 |
_2z _cBK |
||